Представление документа в формате MARC21

ПолеНазваниеЗначение
  Тип записи a
  Библиографический уровень m
001 Контрольный номер BIBLIOCLUB\0000595595
005 Дата корректировки 20230117154104.8
006 m o d
007 Элементы данных для физической характеристики c|||||||||||||
008 Кодируемые данные s2013 rus o rus d
020 Индекс ISBN __
a ISBN 978-5-211-06481-2
041 Код языка издания 0_
a Код языка текста rus
084 Индекс другой классификации/Индекс ББК __
a Индекс другой классификации/Индекс ББК 26.2в63
b Номер единицы LBC/PL
2 Источник индекса rubbk
084 Индекс другой классификации/Индекс ББК __
a Индекс другой классификации/Индекс ББК 32.973.27я73
b Номер единицы LBC/PL
2 Источник индекса rubbk
245 Заглавие 10
a Заглавие Модели глобальной атмосферы и Мирового океана: алгоритмы и суперкомпьютерные технологии
b Продолж. заглавия учебное пособие
c Ответственность М. А. Толстых, Р. А. Ибраев, Е. М. Володин, К. В. Ушаков, В. В. Калмыков
c Ответственность предисл. В. А. Садовничий
c Ответственность Московский Государственный Университет имени М. В. Ломоносова
260 Выходные данные __
a Место издания Москва
b Издательство Московский Государственный Университет
c Дата издания 2013
300 Физическое описание __
a Объем 146 с.
b Иллюстрации/ тип воспроизводства ил., табл.
490 Серия 1_
a Заглавие серии Суперкомпьютерное образование
504 Библиография __
a Библиография Библиогр. в кн
653 Ключевые слова 1_
a Ключевые слова Учебник для высшей школы
700 Другие авторы _1
a Другие авторы Володин Е. М.
700 Другие авторы _1
a Другие авторы Ибраев Р. А.
700 Другие авторы _1
a Другие авторы Калмыков В. В.
700 Другие авторы _1
a Другие авторы Толстых М. А.
700 Другие авторы _1
a Другие авторы Ушаков К. В.
830 Заголовок добавочной библ.записи на серию - унифицированное заглавие _0
a Унифицированное заглавие Суперкомпьютерное образование
856 Электронный адрес документа 40
3 Область применения данных поля Университетская библиотека ONLINE
u URL https://biblioclub.ru/index.php?page=book&id=595595
952 Тип литературы __
c Вид литературы учебное пособие